| 000 | 00422nam a2200145Ia 4500 | ||
|---|---|---|---|
| 008 | 180730s9999||||xx |||||||||||||| ||und|| | ||
| 020 | _aB81582701455A | ||
| 082 |
_a340 _bBAR/C |
||
| 100 | _aBare Acts | ||
| 245 | 0 | _aCentral sales Tax Act, 1956 along with Central Sales tax (Registration and turnover) Rules, 1957 and Case Law | |
| 250 | _a20th | ||
| 260 |
_aLucknow _bEastern Book Co. _c2016 |
||
| 300 | _a67 | ||
| 942 | _cBK | ||
| 999 |
_c1709 _d1709 |
||